[Event "GEO-ch 1st League 2021"]
[Site "Tbilisi"]
[Date "2021.03.29"]
[Round "1.1"]
[White "Nigalidze, Gaioz"]
[Black "Kheladze, Ilia"]
[Result "1-0"]
[WhiteElo "2480"]
[BlackElo "1813"]
[Annotator "TA"]
[PlyCount "89"]
[EventDate "2021.03.29"]
[EventType "swiss"]
[EventCountry "GEO"]
[SourceTitle "playchess.com"]
[Source "ChessBase"]
[SourceQuality "1"]

{[%evp 10,89,37,35,60,57,109,111,108,110,112,106,100,104,103,89,111,110,114,103,105,52,142,95,469,454,589,400,558,400,396,390,398,396,410,383,488,513,534,560,550,526,558,572,568,555,526,346,690,429,393,354,347,340,460,443,650,616,5593,781,1433,1399,1133,654,605,478,447,445,522,509,610,397,397,370,5730,4837,29987,29988,29989,29990,29990,29991]} 1. d4 Nf6 2. c4 g6 3. Nc3 Bg7 4. e4 O-O 5. Nf3 d6 6. h3 h6 {E90: King's Indian: Classical: Early deviations and 6 h3.} 7. Be3 c6 (7... e5 $14) 8. Qd2 $16 Kh7 {White is better.} 9. Bd3 {[#]} Qa5 $146 ({Predecessor:} 9... Na6 10. Rd1 Qa5 11. O-O c5 12. d5 Nd7 13. Rc1 Nb6 14. a3 Nd7 15. Nh4 Qd8 {1-0 (36) Garcia,A-Guerrero,M (2132) San Fernando 1999}) 10. a3 Nbd7 11. b4 Qc7 12. O-O $36 {[%mdl 2048] Keeping Black busy.} e5 13. d5 a6 14. g4 c5 15. g5 (15. Rfc1 $16) 15... Ng8 (15... hxg5 $14 16. Nxg5+ (16. Bxg5 Rh8 $11) 16... Kg8) 16. Kh2 f5 $2 {[%mdl 8192] This costs Black the game.} (16... hxg5 $16 {is tougher.} 17. Nxg5+ (17. Bxg5 Ngf6 $11) 17... Kh8) 17. exf5 $18 {Threatens to win with gxh6.} gxf5 {intending ...e4.} 18. gxh6 Bf6 19. Bxf5+ Kh8 20. Qd3 e4 21. Bxe4 b5 22. Rac1 Be5+ 23. Kh1 bxc4 {[#]} 24. Nh4 $1 {[%mdl 512] White threatens Ng6+ and mate.} Ne7 25. Qxc4 Nb6 26. Qd3 Qd7 27. Bg5 Bf6 28. f4 cxb4 $2 (28... c4 29. Qg3 (29. Bxf6+ Rxf6 30. Qg3 Qxh3+ 31. Qxh3 Bxh3 $16) 29... Qxh3+ 30. Qxh3 Bxh3) 29. axb4 Qxh3+ 30. Qxh3 Bxh3 31. Rfe1 Rac8 {[#] If only Black now had time for ...Bxg5....} 32. Kh2 $1 Bg4 {[#]} (32... Bd7 $142 33. Bd3 {[%mdl 64] Discovered Attack} Bxg5 34. fxg5 Rf4) 33. Bd3 $1 Rxc3 (33... Bf5 34. Bxf5) 34. Rxc3 (34. Rxe7 $142 Bxe7 35. Ng6+ {[%mdl 64] Double Attack} Kg8 36. Nxe7+ Kh8 37. Rxc3) 34... Bxc3 35. Rxe7 {Intending Ng6+ and mate.} Bh5 36. Be4 Re8 37. Nf5 Rxe7 38. Nxe7 ({Weaker is} 38. Bxe7 Bg6 $18) 38... Bf7 39. Kg3 Nd7 40. Bf5 Nf6 41. Be6 Bxe6 (41... Bh5 42. Bxf6+ Bxf6) 42. dxe6 {White wants to mate with Bxf6+.} Ne8 43. Nd5 {White mates.} Bd4 44. f5 Be5+ 45. Kg4 {Weighted Error Value: White=0.29/Black=0.67} 1-0

[Event "GEO-ch 1st League 2021"]
[Site "Tbilisi"]
[Date "2021.03.29"]
[Round "1.2"]
[White "Tskipurishvili, Daviti"]
[Black "Azaladze, Shota"]
[Result "0-1"]
[WhiteElo "1807"]
[BlackElo "2439"]
[Annotator "TA"]
[PlyCount "122"]
[EventDate "2021.03.29"]
[EventType "swiss"]
[EventCountry "GEO"]
[SourceTitle "playchess.com"]
[Source "ChessBase"]
[SourceQuality "1"]

{[%evp 14,122,40,31,46,0,0,-10,-9,-53,-57,-93,-22,-29,-27,-27,-20,-21,-8,-31,-24,-41,-48,-45,-58,-137,-130,-159,-151,-173,-165,-159,-133,-138,-127,-147,-144,-140,-110,-152,-122,-177,-192,-230,-202,-176,-94,-114,-122,-133,-122,-120,-120,-132,-139,-135,-61,-73,-75,-128,-122,-125,-127,-130,-25,-23,0,-143,-67,-84,-69,-81,-75,-90,-77,-79,-67,-75,-78,-239,-102,-241,-98,-153,-152,-241,-215,-231,-156,-156,-153,-153,-167,-194,-158,-152,-152,-177,-137,-182,-187,-487,-487,-475,-467,-492,-484,-596,-590,-564,-567]} 1. d4 g6 2. Nf3 Bg7 3. Nc3 d6 4. e4 Nf6 5. Be2 O-O 6. O-O c6 7. h3 Qc7 8. Be3 Nbd7 {B08: Pirc Defence: Classical System.} 9. Rb1 (9. a4 $14) 9... b5 $11 10. a3 Bb7 {The position is equal.} 11. Bd3 a6 {[#]} 12. b4 $146 ({Predecessor:} 12. Qc1 c5 13. d5 c4 14. Be2 Nc5 15. Bxc5 Qxc5 16. Re1 Rac8 17. Bf1 Nd7 18. Qe3 {½-½ (68) Kikuchi Cadilhac,M (1474)-Zago,C (1642) Itajai 2016}) 12... e5 (12... c5 $1 $17 {[%cal Rc5d4]} 13. bxc5 dxc5) 13. dxe5 dxe5 14. a4 Rfd8 15. Qc1 Nh5 16. Ne2 Nb6 17. g4 Nf6 18. Bxb6 Qxb6 19. a5 (19. Nxe5 $15 Qc7 20. Qf4) 19... Qc7 $17 20. Qe3 c5 $1 {[%cal Rc5c4] White must now prevent ...c4.} 21. bxc5 Nd7 22. c6 Bxc6 23. c4 {[%cal Rc4b5]} Qxa5 24. cxb5 axb5 ({Don't take} 24... Bxb5 25. Bxb5 axb5 26. Nc3 $15) 25. Rfc1 Rac8 26. Nc3 {[%cal Rc3b5]} b4 27. Ra1 Qb6 $19 28. Nb5 Qxe3 29. fxe3 {Threatening Na7.} Bxb5 (29... b3 $19 30. Rab1 Ba8 31. Rxc8 Rxc8 32. Rxb3 Rc1+ 33. Bf1 Bxe4) 30. Rxc8 Rxc8 31. Bxb5 Nc5 32. Rb1 b3 33. Bc4 Nxe4 34. Bxb3 Nc3 (34... Rc3 $17 {aiming for ...Bh6.} 35. Bd5 Rxe3) 35. Re1 Rb8 36. Bc4 (36. Nd2 $142) 36... Rb4 $17 37. Nd2 Bh6 38. h4 {[#]} Rb2 ({Better is} 38... Ne4 $1 $17 {[%mdl 512]} 39. Nxe4 Rxc4) 39. Nf3 $11 Rb4 ({Black should try} 39... e4 $11 40. Ne5 Rb1 41. Rxb1 Bxe3+ 42. Kg2 Nxb1) 40. Nd2 $1 $17 {[#]} e4 ({Black should play} 40... Ne4 $1 $17 {[%cal Re4d2][%mdl 512]} 41. Nxe4 Rxc4) 41. g5 Bg7 42. Rf1 {[#]} Rb7 $1 43. Rf4 Re7 44. Kg2 h5 45. Bb3 Rb7 46. Bc4 $2 (46. Rf1 $17) 46... Be5 (46... Rb2 $19 {has better winning chances.} 47. Bxf7+ Kh7) 47. Rf1 (47. Rf2 $17) 47... Kg7 (47... Rb2 $19 {is more deadly.} 48. Rxf7 Kh8) 48. Nb3 (48. Bb3 $142) 48... Rc7 49. Nd2 (49. Na5 $17 {was called for.}) 49... Rd7 $19 50. Nb1 Nd1 51. Re1 f5 {Threatens to win with ...Nb2.} 52. gxf6+ Bxf6 53. Bb3 Nb2 54. Re2 Nd3 55. Kh3 Be5 56. Bc4 Rb7 57. Nd2 (57. Na3) 57... Rb2 {Black is clearly winning.} 58. Rg2 Rc2 59. Bd5 Rc3 {And now ...Nf4+ would win.} 60. Rg5 Nf4+ {[%mdl 64] Double Attack} 61. Kh2 {[#]} Rc2 $1 {Weighted Error Value: White=0.29/Black=0.23} 0-1

[Event "GEO-ch 1st League 2021"]
[Site "Tbilisi"]
[Date "2021.03.29"]
[Round "1.3"]
[White "Arabidze, Meri"]
[Black "Tsotsonava, Elene"]
[Result "1-0"]
[WhiteElo "2437"]
[BlackElo "1805"]
[Annotator "TA"]
[PlyCount "75"]
[EventDate "2021.03.29"]
[EventType "swiss"]
[EventCountry "GEO"]
[SourceTitle "playchess.com"]
[Source "ChessBase"]
[SourceQuality "1"]

{[%evp 9,75,7,4,12,12,14,2,5,24,27,37,13,32,25,37,27,43,36,120,120,121,113,159,167,162,159,159,112,163,172,208,201,204,204,197,154,264,235,273,265,245,235,308,309,306,292,339,326,400,303,451,420,699,693,672,658,910,886,818,784,1635,932,29987,29988,29991,29992,29994,29987]} 1. c4 e5 2. Nc3 Nf6 3. Nf3 Nc6 4. e4 Bb4 5. d3 O-O 6. a3 {A28: English Opening: Four Knights Variation.} Bxc3+ 7. bxc3 d6 8. Be2 {The position is equal.} Be6 {[#]} 9. O-O $146 ({Predecessor:} 9. Qc2 a6 10. d4 exd4 11. cxd4 Qd7 12. d5 Bxd5 13. cxd5 Ne5 14. Nxe5 dxe5 15. O-O c6 16. Rd1 cxd5 17. exd5 Nxd5 18. Qb3 Qf5 19. Qxd5 Rfd8 20. Qxd8+ {1-0 (20) Tancsa,R (2030)-Kormondi,R Hungary 1996}) 9... Ne7 10. Be3 c5 11. Rb1 Qc7 12. Nh4 Nd7 13. g4 g6 ({Better is} 13... Nc6 $14) 14. Bh6 $16 f6 15. Bxf8 Rxf8 16. Qd2 g5 17. Ng2 Ng6 18. h4 h6 (18... gxh4 $16 19. Qh6 Rf7) 19. Rfd1 $18 Nb6 20. a4 Nxa4 21. Ra1 Bd7 22. Rdb1 a6 (22... Ra8 $16 {was necessary.} 23. h5 Nf4) 23. Bd1 b5 24. cxb5 axb5 25. c4 {[%cal Bc3c4,Bc4b5][%mdl 32]} Kg7 26. cxb5 Nb6 27. h5 Ne7 28. Ne3 d5 29. Qc2 c4 (29... d4 {was worth a try.} 30. Nc4 Rb8) 30. exd5 {[%cal Rd3c4]} f5 (30... c3 $142 31. d6 Qxd6 32. Qxc3 Rc8) 31. Nxc4 {[#] Threatens to win with d6.} Nexd5 32. Nxb6 Qxb6 33. Ra6 Qd4 34. Rd6 Rf7 35. Qc4 Qc3 36. Qxd5 {White mates.} Qe1+ 37. Kg2 fxg4 {[#]} 38. Qxf7+ $3 {Weighted Error Value: White=0.07/Black=0.57} 1-0

[Event "GEO-ch 1st League 2021"]
[Site "Tbilisi"]
[Date "2021.03.29"]
[Round "1.4"]
[White "kiladze, Luka"]
[Black "Bagaturov, Giorgi"]
[Result "0-1"]
[WhiteElo "1786"]
[BlackElo "2431"]
[Annotator "TA"]
[PlyCount "90"]
[EventDate "2021.03.29"]
[EventType "swiss"]
[EventCountry "GEO"]
[SourceTitle "playchess.com"]
[Source "ChessBase"]
[SourceQuality "1"]

{[%evp 9,90,35,35,-43,-30,-47,-36,-37,-49,-66,-39,-52,-24,-29,-21,-11,-5,-24,14,-60,-20,-23,-20,-20,2,0,0,-19,-6,12,0,0,0,-84,-86,-73,-77,-68,-54,-92,-85,-136,-138,-295,-289,-293,-296,-285,-267,-258,-261,-308,-310,-315,-313,-310,-309,-314,-302,-362,-357,-347,-317,-475,-478,-590,-339,-339,-339,-331,-331,-331,-316,-366,-399,-399,-398,-377,-382,-413,-383,-397,-343]} 1. d4 Nf6 2. c4 e6 3. Nf3 b6 4. a3 Ba6 5. Qc2 c5 6. g3 {E12: Queen's Indian: Unusual White 4th moves, 4 a3, 4 Nc3 Bb7 5 a3 and 4 Nc3 Bb7 .} (6. d5 $14) 6... cxd4 $15 7. Nxd4 Bb7 8. Nf3 {Black is slightly better.} Nc6 {[#]} 9. Nbd2 $146 ({Predecessor:} 9. Bg2 Rc8 10. O-O Na5 11. Nbd2 b5 12. b3 d5 13. Ne5 Bd6 14. Bb2 O-O 15. Rac1 bxc4 16. bxc4 Bxe5 17. Bxe5 Nxc4 18. Nxc4 Rxc4 {0-1 (51) Galvan Sarmiento,J (2071)-Seifert,V (2316) Latschach 2007}) 9... Rc8 10. Bg2 b5 11. O-O bxc4 12. Qxc4 Be7 13. Qa4 d5 14. Ne5 (14. b4 $11) 14... Qc7 (14... O-O $5 {[%cal Rc6e5]} 15. Nd3 Nd7 $15) 15. Ndf3 O-O 16. Bf4 Qa5 17. Qxa5 Nxa5 18. Nd4 Nc4 19. Nxc4 Rxc4 20. Nb5 (20. Rfd1 {is more complex.} Rd8 21. Rac1 Rdc8 22. Rb1 Rd8 23. Rbc1) 20... a6 21. Nd6 {[#]} (21. Bd6 $11 Rfc8 22. Bxe7 axb5 23. e3) 21... Rxf4 $1 $17 22. Nxb7 Rc4 23. b4 Rc2 24. Rfe1 Rfc8 25. Bf1 {[#]} ({White should play} 25. Na5) 25... Ne4 $1 26. Na5 $2 {Now White is beyond hope.} (26. Bg2 $17 {might work better.}) 26... Bf6 $19 27. Rab1 Nd2 28. Rbd1 Nxf1 29. Rxf1 Rxe2 30. Nb3 Ra2 31. Rc1 Rxc1 32. Rxc1 {[%mdl 4096] Endgame Rc8+ would kill now. KRB-KRN} h5 33. Rc8+ Kh7 34. Ra8 Rxa3 35. Nc5 Bc3 36. Rb8 (36. Rxa6 $142 Bxb4 37. Rxa3 Bxa3 38. Nb3) 36... Bd4 37. Ra8 Bxc5 38. bxc5 {KR-KR} Rc3 39. Rxa6 Rxc5 40. Kf1 Rc2 41. h4 Kg6 {Black is winning.} 42. Ke1 Kf5 43. Ra7 Kf6 44. Rb7 g6 45. Ra7 e5 {Weighted Error Value: White=0.32/Black=0.16} 0-1

[Event "GEO-ch 1st League 2021"]
[Site "Tbilisi"]
[Date "2021.03.29"]
[Round "1.5"]
[White "Tutisani, Noe"]
[Black "Naqopia, Giorgi"]
[Result "1-0"]
[WhiteElo "2427"]
[BlackElo "1778"]
[Annotator "TA"]
[PlyCount "59"]
[EventDate "2021.03.29"]
[EventType "swiss"]
[EventCountry "GEO"]
[SourceTitle "playchess.com"]
[Source "ChessBase"]
[SourceQuality "1"]

{[%evp 9,59,56,60,61,113,113,110,125,152,147,214,126,126,127,134,66,55,64,61,63,56,50,97,28,48,0,56,57,47,48,64,20,22,0,0,0,56,57,202,212,209,203,607,567,1270,1051,29986,29987,29986,29986,29986,1073]} 1. e4 d6 2. d4 Nf6 3. Nc3 e5 4. Nge2 Nc6 5. d5 Ne7 6. Bg5 {B07: Pirc Defence: Miscellaneous Systems.} h6 (6... c6 $14) 7. Bxf6 $16 gxf6 8. Ng3 {[#] White is better.} f5 $146 ({Predecessor:} 8... c6 9. Nh5 Ng6 10. g3 Qb6 11. Nxf6+ Kd8 12. Rb1 h5 13. Nxh5 f5 14. exf5 Ne7 {1-0 (43) Baramidze,D (2591)-Markowski,T (2547) Dresden 2006}) 9. exf5 Bxf5 (9... Nxf5 $16 10. Bb5+ Ke7) 10. Bb5+ (10. Nxf5 $18 Nxf5 11. Bb5+ Ke7 12. f4) 10... Bd7 {[#]} 11. Nh5 {[%cal Rh5f6]} Ng8 12. Qf3 (12. O-O $16) 12... Bxb5 $14 13. Nxb5 Qd7 14. c4 a6 15. Nc3 O-O-O 16. g4 (16. O-O $16) 16... Be7 $11 17. Ne4 Bg5 ({Black should try} 17... Bh4 $11) 18. h4 $14 Bf4 19. Nxf4 exf4 20. Qxf4 f5 $1 {[%cal Rf5e4]} 21. gxf5 Rf8 $1 22. O-O-O Rxf5 ({Better is} 22... Qxf5 $11 23. Qe3 Kb8) 23. Qe3 {Qa7 is the strong threat.} Nf6 {[#] This costs Black the game.} ({Black should play} 23... Kb8 $1 $14) 24. Qa7 $1 $18 {[%cal Ra7a8]} Qh7 (24... Kd8 25. Nxf6) 25. Rhe1 $40 {[%mdl 128] Hoping for Qa8+. White attacks with force.} Nxe4 $2 (25... Rf4) 26. Rxe4 Rxf2 27. Rde1 Rf1 28. Rxf1 {White mates.} Qxe4 29. Qa8+ Kd7 30. Rf7+ {Weighted Error Value: White=0.17/Black=0.59} 1-0

[Event "GEO-ch 1st League 2021"]
[Site "Tbilisi"]
[Date "2021.03.29"]
[Round "1.6"]
[White "Tsereteli, Tornike"]
[Black "Petriashvili, Nikoloz"]
[Result "1/2-1/2"]
[WhiteElo "1765"]
[BlackElo "2425"]
[Annotator "TA"]
[PlyCount "100"]
[EventDate "2021.03.29"]
[EventType "swiss"]
[EventCountry "GEO"]
[SourceTitle "playchess.com"]
[Source "ChessBase"]
[SourceQuality "1"]

{[%evp 11,100,4,5,-15,10,-58,-62,-57,-64,-45,-31,-97,-89,-83,-83,-103,-91,-137,-146,-178,-182,-230,-227,-298,-301,-322,-318,-570,-383,-404,-402,-426,-368,-364,-325,-387,-305,-483,-133,-129,-121,-116,-66,-69,-60,-69,-74,-64,-64,-136,-8,-8,-8,-8,-8,-8,-8,-8,-8,-8,-8,-8,-8,-14,-6,-6,0,-1,-3,-14,-8,-8,-8,-8,-8,-8,-8,-8,-8,-7,-6,-6,0,0,0,0,0,0,0,0,0]} 1. e4 c6 2. d4 d5 3. Nc3 g6 4. e5 h5 5. f4 Nh6 6. Nf3 Bg4 7. Be2 {B15: Caro-Kann: 3 Nc3: 3...g6 and 3...dxe4 4 Nxe4 Nf6 5 Nxf6+ exf6.} Qb6 8. h3 ({White should try} 8. Na4 $11 Qa5+ 9. c3) 8... Bxf3 $15 9. Bxf3 {Black is slightly better.} Nf5 10. Ne2 {[#]} e6 $146 ({Predecessor:} 10... Na6 11. c3 e6 12. g4 Nh4 13. Ng3 hxg4 14. hxg4 Nxf3+ 15. Qxf3 Rxh1+ 16. Qxh1 c5 {0-1 (30) Patrucco,C (1815)-Mazzariol,O (2067) Senigallia 2009}) 11. g4 {[#]} (11. a4 $15) 11... Nh4 $1 $17 {[%cal Rh4f3]} 12. O-O c5 13. Be3 hxg4 14. hxg4 Nc6 15. Bh1 cxd4 16. Bf2 Bc5 ({Resist} 16... Qxb2 17. Qd3 $15) 17. Qe1 g5 ({Don't take} 17... Qxb2 18. Rb1 $19) 18. a3 {If only White now had time for b4....} Qxb2 19. Rb1 $2 (19. Qd2 gxf4 20. Rfb1 Nxe5 21. Kf1) 19... Qxa3 {[#] ...Qh3 is the strong threat.} 20. Rb3 Qa6 21. Nc1 O-O-O 22. Nd3 Be7 23. fxg5 Bxg5 24. Nc5 (24. Nb4 $142 Nxb4 25. Qxb4) 24... Qa5 $2 (24... Qc4 $19 {is more deadly.} 25. Nxb7 d3 {[%mdl 64] Discovered Attack} 26. Nxd8 Qxg4+ 27. Bg3 Bxd8) 25. Nxb7 Qxe1 26. Bxe1 Be3+ 27. Bf2 Bxf2+ 28. Rxf2 Nxe5 {Strongly threatening ...Rdg8.} 29. Nxd8 Rxd8 30. Rb4 ({Better is} 30. Rf4 $1 $15) 30... Nxg4 (30... Rg8 $17 31. Rxd4 Nxg4) 31. Rxf7 $11 {The position is equal.} Rg8 32. Rxa7 Ne5+ 33. Kf2 {aiming for Ra8+.} Nc6 34. Ra8+ Kc7 35. Rb7+ Kxb7 36. Rxg8 {[%mdl 4096] Endgame KRB-KNN} Kc7 37. Bf3 Kd6 38. Bg4 Ne5 39. Bh3 Nhg6 40. Ra8 Nf4 41. Bf1 Nc6 42. Bb5 {Hoping for Ra6.} Nb4 43. Ba4 e5 44. Rd8+ Ke7 45. Re8+ Kf6 46. Rf8+ Kg6 47. Kf3 Kg5 48. Rg8+ Kf6 49. Rf8+ Ke6 50. Rb8 Na2 {And White is the lucky defender.  Weighted Error Value: White=0.26/Black=0.29} 1/2-1/2

[Event "GEO-ch 1st League 2021"]
[Site "Tbilisi"]
[Date "2021.03.29"]
[Round "1.7"]
[White "Lortkipanidze, Nodar"]
[Black "Kitesashvili, Giorgi"]
[Result "1-0"]
[WhiteElo "2416"]
[BlackElo "1749"]
[Annotator "TA"]
[PlyCount "37"]
[EventDate "2021.03.29"]
[EventType "swiss"]
[EventCountry "GEO"]
[SourceTitle "playchess.com"]
[Source "ChessBase"]
[SourceQuality "1"]

{[%evp 11,37,42,48,52,142,130,137,132,143,98,101,98,164,170,232,220,342,178,450,411,439,440,1084,1015,1021,995,2310,2221]} 1. e4 e5 2. Nc3 Nf6 3. g3 d5 4. exd5 Nxd5 5. Bg2 Be6 6. Nf3 Nc6 7. O-O {[#] C47: Scotch Four Knights and Four Knights with 4 g3.} Qf6 $146 ({Black should play} 7... Be7 $14) ({Predecessor:} 7... Bd6 8. d3 Nxc3 9. bxc3 O-O 10. Ng5 Bf5 11. Rb1 Rb8 12. Ne4 Qd7 13. Nxd6 Qxd6 14. Re1 Rfe8 {½-½ (49) Karjakin,S (2756)-Leko,P (2730) Beijing 2013}) 8. d4 $1 $16 exd4 9. Ne4 {White is clearly better.} Qd8 10. Nxd4 Nxd4 11. Qxd4 Nb6 (11... c6 $16 {was worth a try.}) 12. Qc3 Qe7 (12... h6 $142 13. Re1 c6) 13. Rd1 $18 {Black must now prevent Bg5.} Nd5 {[#]} (13... h6 {was necessary.} 14. Bf4 f5) 14. Qa5 (14. Rxd5 $142 $1 {[%mdl 512]} Bxd5 {[#]} 15. Bg5 $1) 14... Qb4 $2 (14... c6 15. a3 h6) 15. Rxd5 Bxd5 16. Qxd5 {Ng5! is the strong threat.White is clearly winning.} Qe1+ (16... Rd8 $142 17. Qe5+ Qe7 18. Qb5+ c6) 17. Bf1 Be7 18. Qe5 {[%mdl 64] Double Attack} Kf8 {[#]} 19. Bh6 $1 {[%mdl 576] Pin.  Weighted Error Value: White=0.24/Black=0.70} 1-0

[Event "GEO-ch 1st League 2021"]
[Site "Tbilisi"]
[Date "2021.03.29"]
[Round "1.8"]
[White "Gongliashvili, Zurab"]
[Black "Akhvlediani, Irakli"]
[Result "0-1"]
[WhiteElo "1741"]
[BlackElo "2355"]
[Annotator "TA"]
[PlyCount "64"]
[EventDate "2021.03.29"]
[EventType "swiss"]
[EventCountry "GEO"]
[SourceTitle "playchess.com"]
[Source "ChessBase"]
[SourceQuality "1"]

{[%evp 14,64,11,4,18,-30,39,50,69,56,86,90,112,94,100,99,110,29,18,6,46,52,133,83,112,-25,0,-64,-64,-320,-322,-314,-314,-517,-497,-772,-766,-795,-510,-477,-485,-672,-718,-710,-704,-825,-811,-1466,-1416,-1917,-1644,-29987,-29988]} 1. d4 Nf6 2. Nf3 g6 3. c4 Bg7 4. Nc3 O-O 5. e4 d6 6. h3 e5 7. Be3 exd4 8. Nxd4 ({Much weaker is} 8. Bxd4 Nxe4 9. Bxg7 (9. Nxe4 Re8 $17) 9... Re8 $15) 8... Re8 {E90: King's Indian: Classical: Early deviations and 6 h3.} 9. Qc2 Nbd7 ({Better is} 9... Nc6 $11) 10. O-O-O $14 Nc5 {[%cal Rf6e4] White is slightly better.} 11. f3 {[#]} Bd7 $146 ({Predecessor:} 11... c6 12. Nxc6 bxc6 13. Bxc5 Bh6+ 14. Kb1 dxc5 15. Rxd8 Rxd8 16. Bd3 Be6 17. Rd1 Nd7 {1-0 (42) Daniluk,J (1951)-Briones,D (1932) Red Deer 2015}) 12. g4 Qc8 13. Be2 a5 {[%cal Ba7a5,Ba5a4,Ba4a3][%mdl 32]} 14. Rhg1 a4 15. g5 ({White should play} 15. h4 $16) 15... Nh5 $11 16. f4 a3 {[#] aiming for ...axb2+.} 17. b3 Na6 (17... c6 $14) 18. Bxh5 Nb4 19. Qd2 (19. Qe2 $16 {Strongly threatening Bg4.} gxh5 20. Qxh5) 19... gxh5 20. f5 ({White should try} 20. Nde2 $1 $11) 20... c5 $1 $36 {[%mdl 2048] Black has the initiative.} 21. f6 $2 {[%mdl 8192] [#] Loses the game.} cxd4 $19 22. Bxd4 Bf8 23. g6 $2 (23. Kb1) 23... hxg6 24. Qf4 (24. Kb1 $142) 24... Kh7 25. Kb1 Nc6 26. Be3 Ra5 27. c5 Rxc5 28. Bxc5 dxc5 29. Rd5 Bh6 30. Rxh5 gxh5 31. Rg7+ Bxg7 32. Qg5 Bh6 {Weighted Error Value: White=1.17/Black=0.29} 0-1

[Event "GEO-ch 1st League 2021"]
[Site "Tbilisi"]
[Date "2021.03.29"]
[Round "1.9"]
[White "Morchiashvili, Bachana"]
[Black "Shapovalovi, Vasiko"]
[Result "1-0"]
[WhiteElo "2313"]
[BlackElo "1741"]
[Annotator "RC"]
[PlyCount "105"]
[EventDate "2021.03.29"]
[EventType "swiss"]
[EventCountry "GEO"]
[SourceTitle "playchess.com"]
[Source "ChessBase"]
[SourceQuality "1"]
[TimeControl "5400+30"]

1. d4 {[%emt 0:00:00]} e6 {[%emt 0:00:00]} 2. Nf3 {[%emt 0:00:20]} Nf6 {[%emt 0:00:31]} 3. c4 {[%emt 0:00:19]} b6 {[%emt 0:00:05]} 4. g3 {[%emt 0:02:23]} Bb7 {[%emt 0:00:26]} 5. Bg2 {[%emt 0:00:09]} Be7 {[%emt 0:00:30]} 6. O-O {[%emt 0:00:08]} O-O {[%emt 0:00:07]} 7. Nc3 {[%emt 0:01:01]} Ne4 {[%emt 0:01:22]} 8. Bd2 {[%emt 0:01:24]} d6 {[%emt 0:06:04]} 9. d5 {[%emt 0:01:51]} Nxd2 {[%emt 0:08:17]} 10. Nxd2 {[%emt 0:13:38]} e5 {[%emt 0:00:11]} 11. f4 {[%emt 0:01:21]} Nd7 {[%emt 0:02:46]} 12. Nf3 {[%emt 0:07:04]} Bf6 {[%emt 0:03:22]} 13. Qd2 {[%emt 0:10:45]} Re8 {[%emt 0:03:22]} 14. Rae1 {[%emt 0:12:09]} e4 {[%emt 0:13:39]} 15. Nd4 {[%emt 0:00:09]} e3 {[%emt 0:16:02]} 16. Qd1 {[%emt 0:00:22]} Bxd4 {[%emt 0:05:51]} 17. Qxd4 {[%emt 0:00:06]} Qf6 {[%emt 0:00:02]} 18. Rd1 {[%emt 0:09:50]} Ba6 {[%emt 0:03:22]} 19. Bh3 {[%emt 0:06:34]} Qxd4 {[%emt 0:04:41]} 20. Rxd4 {[%emt 0:00:06]} Nf6 {[%emt 0:00:02]} 21. Rf3 {[%emt 0:17:51]} Re7 {[%emt 0:01:04]} 22. b3 {[%emt 0:01:38]} Rae8 {[%emt 0:01:45]} 23. Bf5 {[%emt 0:04:47]} g6 {[%emt 0:02:54]} 24. Bc2 {[%emt 0:00:04]} Bc8 {[%emt 0:01:21]} 25. Kg2 {[%emt 0:00:35]} Ng4 {[%emt 0:10:15]} 26. Nd1 {[%emt 0:03:02]} Nh6 {[%emt 0:00:11]} 27. h3 {[%emt 0:01:20]} Bf5 {[%emt 0:03:49]} 28. Bd3 {[%emt 0:00:43]} Bd7 {[%emt 0:02:38]} 29. Nc3 {[%emt 0:00:25]} Nf5 {[%emt 0:02:03]} 30. Bxf5 {[%emt 0:00:10]} Bxf5 {[%emt 0:00:03]} 31. Rf1 {[%emt 0:01:51]} h5 {[%emt 0:00:43]} 32. Rh1 {[%emt 0:00:17]} Kg7 {[%emt 0:02:51]} 33. Kf3 {[%emt 0:00:31]} Rh8 {[%emt 0:00:24]} 34. Rdd1 {[%emt 0:00:28]} a6 {[%emt 0:00:59]} 35. g4 {[%emt 0:01:16]} Bc2 {[%emt 0:00:31]} 36. Rc1 {[%emt 0:00:38]} hxg4+ {[%emt 0:01:26]} 37. hxg4 {[%emt 0:00:05]} Rxh1 {[%emt 0:00:16]} 38. Rxh1 {[%emt 0:00:01]} f5 {[%emt 0:00:07]} 39. g5 {[%emt 0:01:27]} Kf8 {[%emt 0:03:51]} 40. Rh8+ {[%emt 0:01:31]} Kg7 {[%emt 0:00:08]} 41. Ra8 {[%emt 0:01:10]} a5 {[%emt 0:00:09]} 42. Rc8 {[%emt 0:00:06]} Kf7 {[%emt 0:00:45]} 43. Rh8 {[%emt 0:01:01]} Kg7 {[%emt 0:00:35]} 44. Rb8 {[%emt 0:00:08]} Kf7 {[%emt 0:00:29]} 45. Kg3 {[%emt 0:00:24]} Kg7 {[%emt 0:01:14]} 46. Rc8 {[%emt 0:00:12]} Kf7 {[%emt 0:00:19]} 47. Rh8 {[%emt 0:00:16]} Be4 {[%emt 0:00:29]} 48. Rh7+ {[%emt 0:00:28]} Ke8 {[%emt 0:00:05]} 49. Rxe7+ {[%emt 0:00:26]} Kxe7 {[%emt 0:00:04]} 50. Nxe4 {[%emt 0:00:06]} fxe4 {[%emt 0:00:03]} 51. Kg4 {[%emt 0:00:29]} Kf7 {[%emt 0:00:42]} 52. f5 {[%emt 0:00:08]} Kg7 {[%emt 0:00:27]} 53. f6+ {[%emt 0:00:20]} 1-0